|
|
|
|
| LEADER |
01058nam a2200265 a 4500 |
| 001 |
12761025 |
| 003 |
BD-DhAAL |
| 008 |
090707s2001 enk 001 0 eng d |
| 999 |
|
|
|c 2135
|d 2135
|
| 010 |
|
|
|a \\2002319255
|
| 020 |
|
|
|a 0415238285
|
| 040 |
|
|
|a UKM
|c UKM
|d VA@
|d DLC
|d BD-DhAAL
|
| 082 |
0 |
0 |
|a 809.3/034
|2 21
|
| 245 |
0 |
4 |
|a The nineteenth-century novel.
|p A critical reader /
|c edited by Stephen Regan.
|
| 260 |
|
|
|a London :
|b Routledge,
|c 2001.
|
| 300 |
|
|
|a xii, 573 pages ;
|c 24 cm.
|
| 500 |
|
|
|a Published in association with the Open University.
|
| 504 |
|
|
|a Includes bibliographical references and index.
|
| 541 |
1 |
|
|e 00014139
|
| 650 |
|
0 |
|a Fiction
|y 19th century
|x History and criticism.
|9 45524
|
| 700 |
1 |
|
|a Regan, Stephen,
|d 1957-
|9 45525
|
| 710 |
2 |
|
|a Open University.
|9 45526
|
| 852 |
4 |
|
|a Ayesha Abed Library
|j General shelf
|
| 942 |
|
|
|2 ddc
|c BK
|
| 952 |
|
|
|0 0
|1 0
|2 ddc
|4 0
|6 809_303400000000000_NIN
|7 0
|9 1966
|a BRACUL
|b BRACUL
|c GEN
|d 2009-07-07
|g 2500.00
|l 2
|m 11
|o 809.3034 NIN
|p 3010014139
|r 2017-02-08
|s 2017-02-02
|t 1
|w 2009-07-07
|y BK
|x Price available in register book.
|